[Event "St Petersburg Summer op"]
[Site "St Petersburg"]
[Date "2017.08.22"]
[Round "7"]
[White "Kurus, Artem"]
[Black "Yurasova, Daria"]
[Result "0-1"]
[WhiteElo "1695"]
[BlackElo "1996"]
[PlyCount "146"]
[EventDate "2017.08.16"]
[EventType "swiss"]
[EventRounds "9"]
[EventCountry "RUS"]
[SourceTitle "CBM 180 Extra"]
[Source "ChessBase"]
[SourceDate "2017.10.06"]
[SourceVersion "1"]
[SourceVersionDate "2017.10.06"]
[SourceQuality "1"]

1. b3 Nf6 2. Bb2 e6 3. Nf3 Be7 4. g3 b6 5. Bg2 Bb7 6. 0-0 0-0 7. d3 d6 8. c4 c5 9. Nc3 Nbd7 10. e3 a6 11. Qe2 Qc7 12. Rac1 Rac8 13. Rfd1 Qb8 14. Ne1 Rfe8 15. Rc2 Bf8 16. Rcd2 Qa8 17. Qf1 Qb8 18. Nc2 Ne5 19. Ne1 h6 20. d4 cxd4 21. exd4 Ned7 22. d5 e5 23. Re2 b5 24. cxb5 axb5 25. b4 Nb6 26. Rc2 Ba6 27. a4 Nc4 28. axb5 Bxb5 29. Nxb5 Qxb5 30. Rdc1 Qxb4 31. Bc3 Qb7 32. Bh3 Nd7 33. Bb4 Ncb6 34. Rxc8 Rxc8 35. Rxc8 Nxc8 36. Qc4 g6 37. Nc2 Na7 38. Ne3 Nf6 39. Bf1 Nc8 40. Ba5 Ne7 41. Bg2 Qb1+ 42. Bf1 Nf5 43. Nxf5 gxf5 44. Bd8 Ne4 45. Ba5 Qd1 46. f3 Qxf3 47. Qe2 Qxe2 48. Bxe2 Nf6 49. Bc4 h5 50. Bd8 Ne4 51. Be2 Bh6 52. Bxh5 Nc3 53. Be7 Be3+ 54. Kg2 Bc5 55. h4 Nxd5 56. Bg5 e4 57. Bf4 Nxf4+ 58. gxf4 Be3 59. Be2 Bxf4 60. Bc4 Kg7 61. h5 Kf6 62. Kf2 Ke5 63. Bxf7 d5 64. Ke2 d4 65. Bg6 Bh6 66. Be8 f4 67. Kf2 f3 68. Bb5 Kf4 69. Ke1 Ke3 70. Be2 d3 71. Bf1 d2+ 72. Kd1 Kf2 73. Bd3 e3 0-1

[Event "Senica op 6th"]
[Site "Senica"]
[Date "2015.08.29"]
[Round "4"]
[White "Kostolansky, Sebastian Lukas"]
[Black "Kurus, Artem"]
[Result "1-0"]
[WhiteElo "1655"]
[BlackElo "1000"]
[PlyCount "47"]
[EventDate "2015.08.27"]
[EventType "swiss"]
[EventRounds "7"]
[EventCountry "SVK"]
[SourceTitle "EXT 2016"]
[Source "ChessBase"]
[SourceDate "2015.10.08"]
[SourceVersion "1"]
[SourceVersionDate "2015.10.08"]
[SourceQuality "1"]

1. e4 c5 2. Nf3 Nc6 3. d4 cxd4 4. Nxd4 Nf6 5. Nc3 e5 6. Ndb5 d6 7. Nd5 Nxd5 8. exd5 Ne7 9. Be2 Bf5 10. c4 a6 11. Nc3 Ng6 12. Be3 Rc8 13. Qb3 Qd7 14. Na4 Rc7 15. Bd2 Qc8 16. Ba5 Re7 17. Nb6 Qc5 18. Qa4+ Bd7 19. Nxd7 Rxd7 20. Bg4 b5 21. Bxd7+ Kxd7 22. cxb5 axb5 23. Qg4+ Ke8 24. 0-0 1-0

[Event "Senica op 6th"]
[Site "Senica"]
[Date "2015.08.28"]
[Round "2"]
[White "Musaev, Matej Elbek"]
[Black "Kurus, Artem"]
[Result "0-1"]
[WhiteElo "1388"]
[BlackElo "1000"]
[PlyCount "110"]
[EventDate "2015.08.27"]
[EventType "swiss"]
[EventRounds "7"]
[EventCountry "SVK"]
[SourceTitle "EXT 2016"]
[Source "ChessBase"]
[SourceDate "2015.10.08"]
[SourceVersion "1"]
[SourceVersionDate "2015.10.08"]
[SourceQuality "1"]

1. e4 c5 2. Nf3 Nc6 3. c4 g6 4. Be2 Bg7 5. d3 Nf6 6. Be3 d6 7. Nc3 0-0 8. Qd2 Re8 9. Bh6 Bh8 10. 0-0-0 a5 11. h3 a4 12. g4 Qb6 13. Be3 a3 14. b3 Nd7 15. Qe1 Na5 16. Kc2 Qb4 17. Bd2 Qb6 18. Nd5 Qd8 19. Bc3 Bxc3 20. Qxc3 e6 21. Nf4 Qf6 22. Qxf6 Nxf6 23. g5 Nd7 24. h4 Nb6 25. h5 e5 26. Ng2 Rf8 27. Ne3 Bd7 28. Nh2 Nc6 29. Nhg4 Nd4+ 30. Kd2 Bxg4 31. Nxg4 Nd7 32. Rh2 f5 33. gxf6 Nxf6 34. Rdh1 Nxh5 35. Nh6+ Kg7 36. Bxh5 gxh5 37. Nf5+ Nxf5 38. exf5 Rxf5 39. Rxh5 Rxh5 40. Rxh5 Rf8 41. Ke3 Kg6 42. Rh3 Rf5 43. f3 Rg5 44. Rh2 h5 45. Ke4 Kf6 46. Kd5 Ke7 47. f4 exf4+ 48. Ke4 Ke6 49. Kxf4 Rf5+ 50. Ke4 Re5+ 51. Kf4 Kd7 52. Kf3 Kc6 53. Rh4 b6 54. Rh2 Kb7 55. Kf4 Ka6 0-1